000 00766cab a2200229 4500
001 WB2906-18
008 090401t1993 xxu||||| |||| 00| 0 eng d
035 _a(Sirsi) u48463
041 _aeng
245 _aCut-price US-style shopping
260 _c1993
350 _a0
490 _aSunday Times
_v7 February 1993, 7(2)
520 _aUS retail warehouse club Costco is seeking planning permission for its first warehouse club at Trafford Park, Manchester, its first European venture. Discusses the implications for the British retail industry.
650 _aDISCOUNT STORES
650 _aRETAILING
650 _aSUPERSTORES
650 _aWAREHOUSE CLUBS
690 _aPROPERTY-COMMERCIAL PROPERTY-RETAIL PROPERTY
942 _n0
948 _c04/03/1997
999 _c30444
_d30444